Cities with multiple football clubs - Statistics

General Stats
  • This quiz has been taken 46 times
  • The average score is 21 of 29
Answer Stats
Hint Answer % Correct
Madrid Real Madrid
98%
Manchester Manchester city
95%
Rome Roma
95%
Milan AC Milan
93%
Manchester Manchester united
93%
London Arsenal
91%
Barcelona Barcelona
91%
London Chelsea
91%
Milan Inter Milan
91%
Madrid Atletico Madrid
89%
London Tottenham
86%
Turin Juventus
82%
Rome Lazio
80%
Rotterdam Feyenoord
75%
Turin Torino
75%
Genova Genoa
70%
London West ham
68%
London Crystal palace
66%
Barcelona Espanyol
66%
London Fulham
66%
Berlin Union Berlin
59%
Berlin Hertha Berlin
55%
London Brentford
52%
Genova Sampdoria
52%
Rotterdam Sparta Rotterdam
50%
London QPR
48%
Prague Sparta Praha
45%
Prague Slavia Praha
43%
Madrid Rayo vallecano
39%
No matching quizzes found
Score Distribution
Percent of People with Each Score
Percentile by Number Answered
Your Score History
You have not taken this quiz